000 00507nam a2200169 i 4500
001 35015
003 ES-MaACL
005 20250612063104.0
007 t|
008 030211s1953 sp ||||1| spa d
100 1 _aBorrás, Tomás,
_d1891-1976
_930556
245 1 0 _aLuna de enero y el amor primero
_b: novela /
_cTomás Borrás.
260 _aMadrid :
_bColenda,
_c1953 (
_fSelecciones Gráficas)
300 _a311 p. ;
_c18 cm.
852 _aES-MaACL
_jC-6943
_bR.33978
999 _c35015
_d35015